000 00532nam a2200169 4500
020 _a0297766252
082 0 0 _a355.009243
_bDOU
_cD
100 2 _aDouglas-Home, Charles,
_948638
245 0 0 _aRommel;
_cintroduction by Lord Chalfont.
260 _aLondon,
_bWeidenfeld and Nicolson,
_c1973.
300 _a224 p.
_billus. (some col.), facsims., maps, ports. (some col.)
_c24 cm.
490 0 _aThe Great commanders
500 _aIncludes index.
526 _a0
_b0
_c0
_d355_009243000000000_DOU
650 _aMCE
_9379
942 _2ddc
_cBK
999 _c551505
_d551505